Tri úrovne správy daní

Slovensko má troch správcov dane. Správcom dane je daňový úrad alebo colný úrad, ale aj komunálny úrad - mesto alebo obec. Základný predpis zdaňovania. Tri úrovne správy daní. Rast významu komunálneho zdaňovania. Služby a priaznivá atmosféra zdaňovania. Tri rozmery spolupráce.

Gespeichert in:
Bibliographische Detailangaben
1. Verfasser: Burák, Emil
Format: Buchkapitel
Sprache:Slowakisch
Schlagworte:
Tags: Tag hinzufügen
Keine Tags, Fügen Sie das erste Tag hinzu!

MARC

LEADER 00000naa$a2200000$$$4500
001 0060039
005 20231006122053.3
041 0 |a slo 
044 |a SK 
245 1 0 |a Tri úrovne správy daní  |c Emil Burák 
520 |a Slovensko má troch správcov dane. Správcom dane je daňový úrad alebo colný úrad, ale aj komunálny úrad - mesto alebo obec. Základný predpis zdaňovania. Tri úrovne správy daní. Rast významu komunálneho zdaňovania. Služby a priaznivá atmosféra zdaňovania. Tri rozmery spolupráce. 
610 2 0 |a správa daňová 
610 2 0 |a úrady colné 
610 2 0 |a úrady daňové 
610 2 0 |a Slovensko 
610 2 0 |a zdaňovanie 
100 1 |a Burák, Emil